| 000 | 00534nam a2200181Ia 4500 | ||
|---|---|---|---|
| 999 |
_c34407 _d34407 |
||
| 003 | OSt | ||
| 005 | 20200918124744.0 | ||
| 008 | 190216s9999||||xx |||||||||||||| ||und|| | ||
| 020 | _a9788189757243 | ||
| 040 | _coclc | ||
| 082 |
_a621.042 _bSAE/N |
||
| 100 |
_aSaeed, S Hasan _94746 |
||
| 245 | 0 |
_aNon-Conventional Energy Resources / _cS Hasan Saeed ; D K Sharma |
|
| 260 |
_bS.K.Katharia&Sons, _c2009. _aNew Delhi: |
||
| 300 | _a345p | ||
| 650 | _aPhysics | ||
| 942 |
_cBK _2ddc _h621.042 _iSAE/N _k621.042 _mSAE/N |
||